00365 a2200145 4500003000400000005001700004008004100021020001800062040000900080082001500089100001900104245005500123260003300178300000800211OSt20240110142105.0240110b |||||||| |||| 00| 0 eng d a9789382581598 coclc a297bSAL/T aSaleem, Mishal aTheenmeshayile nabimaryadakal /cDr. Mishal Saleem aKerala:bDa'wa books,c2014. a61p